000 00288nam a22001337a 4500
008 170602b xxu||||| |||| 00| 0 eng d
020 _a9781934440964
041 _aeng
080 _a94
100 _a17
101 _aSHH
245 _aJEWISH SAGES OF TODDAY
_cRUBIN.A
942 _2udc
_cBK
999 _c15721
_d15721